Pasaje al acto en la psicosis frente a la angustia: puntuaciones de un caso /

Na minha lista:
Detalhes bibliográficos
Autor principal: Millet, Jessica
Formato: Texto
Assuntos:
Tags: Adicionar Tag
Sem tags, seja o primeiro a adicionar uma tag!

MARC

LEADER 00000 a a2200000 04500
001 8738
003
040
100 |a Millet, Jessica  
245 |a Pasaje al acto en la psicosis frente a la angustia:   |b puntuaciones de un caso /  |c Jessica Millet 
650 |a PSICOANALISIS  
773 |g número 12; páginas 97-107  
999 |c 38957  |d 38957